000 00725nam a22002537a 4500
005 20260502113645.0
008 260502b |||||||| |||| 00| 0 eng d
020 _a978-93-92426-70-4
_cRs.895.00
040 _aLoreto College
041 _aEnglish
082 _a510
_bPAL
100 _aPal,Biswajit
245 _aFundamental mathematics NEP SEM-1
_cBiswajit Pal, Subrata Roychaudhuri,Soovoojeet Jana
250 _aKolkata
260 _aKolkata
_bSantra Publication
_c2026
300 _axxiv,1208p.;24cm.
500 _aNEP-SEM1
504 _aIncludes index
650 _aMathematics
710 _4Auth
_aRoychaudhuri,Subrata
710 _4Auth
_aJana,Soovoojeet
850 _aLCLIB
942 _cBK
999 _c44369
_d94848